Entry Personal Name
Number of records used in: 1
001 - CONTROL NUMBER
003 - CONTROL NUMBER IDENTIFIER
005 - DATE AND TIME OF LATEST TRANSACTION
- control field:
20210705130819.0
008 - FIXED-LENGTH DATA ELEMENTS
- fixed length control field:
120618n| acannaabn |n aba
010 ## - LIBRARY OF CONGRESS CONTROL NUMBER
- LC control number:
n 2012040163
040 ## - CATALOGING SOURCE
- Original cataloging agency:
DLC
- Language of cataloging:
eng
- Transcribing agency:
DLC
- Modifying agency:
DLC
100 1# - HEADING--PERSONAL NAME
- Personal name:
Greenberg, Michael D.
670 ## - SOURCE DATA FOUND
- Source citation:
[Author of Immigration practice manual]
670 ## - SOURCE DATA FOUND
- Source citation:
Immigration practice manual, c2012-:
- Information found:
t.p. (Michael D. Greenberg) about the editors (Law Office of Michael D. Greenberg, Boston)
670 ## - SOURCE DATA FOUND
- Source citation:
[Added entry on Improving the safety and security of freight and passenger rail in Pennsylvania]
670 ## - SOURCE DATA FOUND
- Source citation:
Improving the safety and security of freight and passenger rail in Pennsylvania, 2008
- Information found:
(hdg.: Greenberg, Michael D.)